| Поле | Инд. | ПП | Название | Значение |
|---|---|---|---|---|
| Тип записи | a | |||
| Библиографический уровень | m | |||
| 001 | Контрольный номер | 6f1b4213-0a91-45b7-b3e3-45dc0a306dbc | ||
| 005 | Дата корректировки | 20131111214747.4 | ||
| 008 | Кодируемые данные | 010202 d | ||
| 020 | a | ISBN | 5-07-000504-9 | |
| c | Цена, тираж | 0.15 | ||
| 040 | a | Служба первич. каталог. | RU-RKP | |
| 040 | a | Служба первич. каталог. | НБ ТвГУ | |
| 041 | a | Код языка текста | rus | |
| 080 | a | Индекс УДК | 373.1.026.9 | |
| 084 | a | Индекс другой классификации/Индекс ББК | Ч420.044 | |
| 090 | x | Авторский знак | В67 | |
| a | Полочн. индекс | Ч421.0 | ||
| 100 | 1_ | a | Автор | Волков Игорь Павлович |
| 245 | a | Заглавие | Много ли в школе талантов? | |
| c | Ответственность | И.П. Волков | ||
| 260 | 0_ | a | Место издания | Москва |
| b | Издательство | Знание | ||
| c | Дата издания | 1989 | ||
| 300 | a | Объем | 78,[2] с. | |
| b | Иллюстрации/ тип воспроизводства | ил. | ||
| c | Размеры | 17 см | ||
| 440 | a | Серия | Новое в жизни, науке, технике | |
| a | Серия | Педагогика и психология | ||
| 490 | _0 | v | N тома | N 5 |
| 650 | a | Основная рубрика | Дети | |
| x | Основная подрубрика | Способности | ||
| x | Основная подрубрика | Развитие способностей | ||
| 650 | a | Основная рубрика | Педагогика школы | |
| 653 | a | Ключевые слова | Дети | |
| a | Ключевые слова | Способности у детей | ||
| a | Ключевые слова | Развитие способностей у детей | ||
| a | Ключевые слова | Педагогика школы | ||
| a | Ключевые слова | Школьная педагогика | ||
| 852 | t | Порядковый номер экземпляра | 1 | |
| p | Инвентарный номер | 596976 | ||
| 852 | t | Порядковый номер экземпляра | 1 | |
| 954 | a | Дата поступления на обработку | 20000905 | |
| 999 | a | Подразделение 2 | Фил2 | |
| a | Подразделение 2 | * |